Agribusiness targets Latin America /

Los autores de este informe analizan la expansión e intervención de los Estados Unidos en el sector agrícola de América Latina. Incluyen consideraciones acerca del cambio económico y físico en los campos latinoamericanos. En el primer artículo se examina el crecimiento de los negocios agrícolas en e...

Fuld beskrivelse

Guardado en:
Bibliografiske detaljer
Hovedforfatter: Burbach, Roger
Andre forfattere: Flynn, Patricia
Format: Texto
Fag:
Tags: Tilføj Tag
Ingen Tags, Vær først til at tagge denne postø!

MARC

LEADER 00000 a a2200000 04500
001 9783
003
040
100 |a Burbach, Roger  
245 |a Agribusiness targets Latin America /  |c Roger Burbach ; Patricia Flynn 
520 |a Los autores de este informe analizan la expansión e intervención de los Estados Unidos en el sector agrícola de América Latina. Incluyen consideraciones acerca del cambio económico y físico en los campos latinoamericanos. En el primer artículo se examina el crecimiento de los negocios agrícolas en el contexto de la política económica de Latinoamérica. En el segundo y tercer artículos se analiza la penetración de las empresas transnacionales en el agro y la economía en general, como por ejemplo: las procesadoras alimenticias, de fertilizantes, de pesticidas y las compañías productoras de equipos agrícolas. En la última sección, se analiza la relación del capital y el trabajo en el sector más dinámico de la agricultura: el agro exportador. ABB/mb  
650 |a EMPRESAS EXTRANJERAS  
650 |a EMPRESAS TRANSNACIONALES  
650 |a EMPRESAS PRIVADAS  
650 |a EMPRESAS PUBLICAS  
650 |a POSESION  
650 |a PROPIEDAD  
650 |a SECTOR PRIVADO  
650 |a SECTOR PUBLICO  
650 |a PROPIEDAD DE LA TIERRA  
650 |a DESARROLLO DE LA TIERRA  
700 |a Flynn, Patricia  
773 |g volumen 12, número 1; páginas 2-36  
999 |c 39383  |d 39383